| 000 | 00547nmm a2200157Ia 4500 | ||
|---|---|---|---|
| 008 | 251105s9999||||xx |||||||||||||||||und|| | ||
| 020 | _a9788425232046 | ||
| 041 | _aspa | ||
| 100 | _aLamarre, Guillaume | ||
| 245 | 0 |
_aStorytelling como estrategia de comunicación : _b Herramientas narrativas para comunicadores, creativos y emprendedores |
|
| 264 |
_a[Madrid, España] : _bEditorial Gustavo Gili, _c2019 |
||
| 300 | _a174 páginas | ||
| 650 | _aEconomics and Business | ||
| 856 | _uhttps://public.digitaliapublishing.com/a/65870 | ||
| 942 | _cCF | ||
| 999 |
_c80385 _d80385 |
||